| Поле | Инд. | ПП | Название | Значение |
|---|---|---|---|---|
| Тип записи | a | |||
| Библиографический уровень | m | |||
| 001 | Контрольный номер | 92e0900c-7772-43da-847f-27eed3e594e7 | ||
| 005 | Дата корректировки | 20140703151703.4 | ||
| 008 | Кодируемые данные | 061226 | ||
| 020 | a | ISBN | 5-89349-275-7 (Флинта) | |
| a | ISBN | 5-02-011783-8 (Наука) | ||
| c | Цена, тираж | 115.00 | ||
| 040 | a | Служба первич. каталог. | НБ ТвГУ | |
| 041 | a | Код языка текста | rus | |
| 080 | a | Индекс УДК | 81'1(075.8) | |
| 084 | a | Индекс другой классификации/Индекс ББК | Ш10я73-1 | |
| a | Индекс другой классификации/Индекс ББК | Ш100.212я73-1 | ||
| 090 | x | Авторский знак | М55 | |
| a | Полочн. индекс | Ш10 | ||
| 100 | 1_ | a | Автор | Мечковская Нина Борисовна |
| 245 | 10 | a | Заглавие | Общее языкознание |
| b | Продолж. заглавия | Структурная и социальная типология языков : учеб. пособие для студентов филол. и лингвист. специальностей | ||
| c | Ответственность | Н. Б. Мечковская | ||
| 250 | a | Основные сведения об издании | 4-е изд., испр. | |
| 260 | 0_ | a | Место издания | Москва |
| b | Издательство | Флинта | ||
| b | Издательство | Наука | ||
| c | Дата издания | 2006 | ||
| 300 | a | Объем | 312 с. | |
| 504 | a | Библиография | Библиогр.: с. 284-312 и в подстроч. примеч.. | |
| 583 | a | Действие | Получение впервые 497 25.12.2006 | |
| k | Исполнитель действия | ООО "Книжный мир" | ||
| 583 | a | Действие | Приписка 257 16.10.2007 | |
| k | Исполнитель действия | Взамен утраченных | ||
| 650 | a | Основная рубрика | Языкознание | |
| x | Основная подрубрика | Учебники для вузов | ||
| 650 | a | Основная рубрика | Типология языков | |
| 653 | a | Ключевые слова | Языкознание | |
| a | Ключевые слова | Общее языкознание | ||
| a | Ключевые слова | Типология языков | ||
| a | Ключевые слова | Социальная типология языков | ||
| a | Ключевые слова | Лингвистические универсалии | ||
| 852 | t | Порядковый номер экземпляра | 31 | |
| p | Инвентарный номер | 865862 | ||
| p | Инвентарный номер | 865863 | ||
| p | Инвентарный номер | 865864 | ||
| p | Инвентарный номер | 865865 | ||
| p | Инвентарный номер | 865866 | ||
| p | Инвентарный номер | 865867 | ||
| p | Инвентарный номер | 865868 | ||
| p | Инвентарный номер | 865869 | ||
| p | Инвентарный номер | 865870 | ||
| p | Инвентарный номер | 865871 | ||
| p | Инвентарный номер | 865872 | ||
| p | Инвентарный номер | 865873 | ||
| p | Инвентарный номер | 865874 | ||
| p | Инвентарный номер | 865875 | ||
| p | Инвентарный номер | 865876 | ||
| p | Инвентарный номер | 865877 | ||
| p | Инвентарный номер | 865878 | ||
| p | Инвентарный номер | 865879 | ||
| p | Инвентарный номер | 865880 | ||
| p | Инвентарный номер | 865881 | ||
| p | Инвентарный номер | 865882 | ||
| p | Инвентарный номер | 865883 | ||
| p | Инвентарный номер | 865884 | ||
| p | Инвентарный номер | 865885 | ||
| p | Инвентарный номер | 865886 | ||
| p | Инвентарный номер | 865887 | ||
| p | Инвентарный номер | 865888 | ||
| p | Инвентарный номер | 865889 | ||
| p | Инвентарный номер | 865890 | ||
| p | Инвентарный номер | 865891 | ||
| p | Инвентарный номер | 886354 | ||
| 863 | t | 00177564 | ||
| 888 | a | За счет средств университета | ||
| a | Бесплатные | |||
| 930 | a | Новая/Ретро | учебники | |
| 952 | p | 497.2006 115.00 1 865862 | ||
| p | 497.2006 115.00 1 865863 | |||
| p | 497.2006 115.00 1 865864 | |||
| p | 497.2006 115.00 1 865865 | |||
| p | 497.2006 115.00 1 865866 | |||
| p | 497.2006 115.00 1 865867 | |||
| p | 497.2006 115.00 1 865868 | |||
| p | 497.2006 115.00 1 865869 | |||
| p | 497.2006 115.00 1 865870 | |||
| p | 497.2006 115.00 1 865871 | |||
| p | 497.2006 115.00 1 865872 | |||
| p | 497.2006 115.00 1 865873 | |||
| p | 497.2006 115.00 1 865874 | |||
| p | 497.2006 115.00 1 865875 | |||
| p | 497.2006 115.00 1 865876 | |||
| p | 497.2006 115.00 1 865877 | |||
| p | 497.2006 115.00 1 865878 | |||
| p | 497.2006 115.00 1 865879 | |||
| p | 497.2006 115.00 1 865880 | |||
| p | 497.2006 115.00 1 865881 | |||
| p | 497.2006 115.00 1 865882 | |||
| p | 497.2006 115.00 1 865883 | |||
| p | 497.2006 115.00 1 865884 | |||
| p | 497.2006 115.00 1 865885 | |||
| p | 497.2006 115.00 1 865886 | |||
| p | 497.2006 115.00 1 865887 | |||
| p | 497.2006 115.00 1 865888 | |||
| p | 497.2006 115.00 1 865889 | |||
| p | 497.2006 115.00 1 865890 | |||
| p | 497.2006 115.00 1 865891 | |||
| p | 257.2007 115.00 1 886354 | |||
| c | Вид литературы | К ру | ||
| 954 | a | Дата поступления на обработку | 20070110 | |
| 999 | a | Подразделение 2 | уч.о. |